| 000 | 00864cam a2200277 a 4500 | ||
|---|---|---|---|
| 008 | |||
| 020 | _a0803958951 (pbk.) | ||
| 049 | _aMAIN | ||
| 090 |
_aH61.28 _bHOL |
||
| 100 | 1 | _aHolstein, James A. | |
| 245 | 1 | 4 |
_aThe active interview / _cJames A. Holstein, Jaber F. Gubrium. |
| 260 |
_aThousand Oaks : _bSAGE Publications, _cc1995. |
||
| 300 |
_avii, 85 p. ; _c23 cm. |
||
| 440 | 0 |
_aQualitative research methods ; _vv. 37 |
|
| 504 | _aIncludes bibliographical references. | ||
| 650 | 0 | _aInterviewing. | |
| 650 | 0 |
_aSocial sciences _xResearch _xMethodology. |
|
| 650 | 0 |
_aSocial sciences _xFieldwork. |
|
| 650 | 0 |
_aSocial sciences _xLanguage. |
|
| 700 | 1 | _aGubrium, Jaber F. | |
| 907 |
_a.b10377876 _b21-02-17 _c20-02-17 |
||
| 003 | |||
| 005 | 20230123122239.0 | ||
| 040 | _cNUST | ||
| 942 |
_cBOOKS _kH61.28 _mHOL |
||
| 999 |
_c130361 _d130361 |
||